000 01002nam a22002537a 4500
005 20170124103042.0
010 _aA-910553
020 _c175.00
_a8171451330
035 _aA-910553
037 _bCen Lib/Ret
040 _aDPL
_bHN
082 _a
_bमित्रवि
100 _aमित्र, विमल
_967440
245 _aहमशक्ल कौन? /
_cविमल मित्र
246 _aHumshakal kaun? /
_bby Vimal Mitra
260 _aदिल्ली
_bसन्मार्ग प्रकाशन
_c1998
270 _a16, यू.बी.बैंगलो रोड, जवाहर नगर
_bदिल्ली
_e110007
300 _a208पृ.
_c20सेमी(सजिल्द )
650 _aहिंदी साहित्य
_x
_z
_967441
650 _aहिंदी -- उपन्यास
_967442
650 _aHindi literature
_v
_967443
650 _aHindi -- Fiction
_927248
942 _2ddc
_cHN
_h
_mमित्रवि
999 _c116621
_d116621